000170947 001__ 170947
000170947 005__ 20260430151735.0
000170947 0247_ $$2doi$$a10.32891/jps.v10i1.1851
000170947 0248_ $$2sideral$$a148992
000170947 037__ $$aART-2025-148992
000170947 041__ $$aspa
000170947 100__ $$aCoello, Mateo
000170947 245__ $$aYoung People’s Perception of Safety in Parks in an Intermediate Latin American City
000170947 260__ $$c2025
000170947 5060_ $$aAccess copy available to the general public$$fUnrestricted
000170947 5203_ $$aOpen public parks are essential for recreation, leisure, social interaction, and the development of physical activities of young people. The perception of personal safety can inhibit or encourage its use. In urban contexts of Latin America this perception can be even more determinant. The purpose of this study was to identify the spatial, physical and social factors that influence safety perception of young people, taking Cuenca, Ecuador, as a case study. To accomplish this objective, a qualitative approach was applied, using three research instruments:  physical and spatial outlay of the parks, non-participant observation of flows and activities, and semi-structured interviews. The results show that safety perception is not only affected by urban design, as commonly considered by city decision makers and urban planners, but that there are other factors such as gender, people´s presence, activities and land uses, which enhance, and other times diminish, safety perception in young people. Some findings impose important challenges such as the stigmatization by young people of other vulnerable groups, the pros and cons of vegetation in public spaces, the dominant male use of some areas of the parks, among others. These results provide important information to establish better public policies and guidelines to design, implement and renew urban parks.
000170947 540__ $$9info:eu-repo/semantics/openAccess$$aby-nc$$uhttps://creativecommons.org/licenses/by-nc/4.0/deed.es
000170947 655_4 $$ainfo:eu-repo/semantics/article$$vinfo:eu-repo/semantics/publishedVersion
000170947 700__ $$0(orcid)0000-0001-5456-7422$$aPalacios-Jerves, Sofía$$uUniversidad de Zaragoza
000170947 700__ $$aPauta-Pesántez, Andrés
000170947 700__ $$aTapia, Amelia
000170947 700__ $$aHermida, Carla
000170947 7102_ $$15015$$2100$$aUniversidad de Zaragoza$$bDpto. Arquitectura$$cÁrea Composición Arquitectónic
000170947 773__ $$g10, 1 (2025), 15-36$$pJ. public space$$tThe Journal of Public Space$$x2206-9658
000170947 8564_ $$s1417638$$uhttps://zaguan.unizar.es/record/170947/files/texto_completo.pdf$$yVersión publicada
000170947 8564_ $$s1940336$$uhttps://zaguan.unizar.es/record/170947/files/texto_completo.jpg?subformat=icon$$xicon$$yVersión publicada
000170947 909CO $$ooai:zaguan.unizar.es:170947$$particulos$$pdriver
000170947 951__ $$a2026-04-30-13:57:40
000170947 980__ $$aARTICLE